Chemistry and technology of explosives, vols 1 to 4 (Record no. 79313)

MARC details
000 -LEADER
fixed length control field 01377nam a2200217 a 4500
008 - FIXED-LENGTH DATA ELEMENTS--GENERAL INFORMATION
fixed length control field 120416s1967 ||||||||||||||||| || u
050 ## - LIBRARY OF CONGRESS CALL NUMBER
Classification number TP 270 Urb
100 ## - MAIN ENTRY--PERSONAL NAME
Personal name Urbanski, Tadeusz
245 10 - TITLE STATEMENT
Title Chemistry and technology of explosives, vols 1 to 4
260 ## - PUBLICATION, DISTRIBUTION, ETC.
Place of publication, distribution, etc. Oxford
Name of publisher, distributor, etc. Pergamon
Date of publication, distribution, etc. 1967
300 ## - PHYSICAL DESCRIPTION
Extent ii, 544p. : ill.
350 ## -
-- 0.00
700 ## - ADDED ENTRY--PERSONAL NAME
Personal name Laverton, Sylvia
700 ## - ADDED ENTRY--PERSONAL NAME
Personal name Jeczalikowa, Irena
995 ## -
-- ANNEX COLLECTION (Main Library)
-- 0.00
-- 714272
-- CBU-MAIN LIBRARY (Kitwe)
-- 2
-- 110.00
-- TP 270 Urb
-- 1
-- AVAILABLE
-- 016935
-- Annex Low-Usage Collection
995 ## -
-- ANNEX COLLECTION (Main Library)
-- 0.00
-- 714271
-- CBU-MAIN LIBRARY (Kitwe)
-- 3
-- 110.00
-- TP 270 Urb
-- 3
-- AVAILABLE
-- 016937
-- Annex Low-Usage Collection
995 ## -
-- TEXTBOOKS (MIN.ENG.)
-- 0.00
-- 03197
-- CBU-SCHOOL TEXTBOOK COLLECTIONS
-- 1
-- 0.00
-- SCHOOL TEXTBOOK
-- 6
-- AVAILABLE
-- Aug 11, 2009
-- 03197
-- School Collections
995 ## -
-- MAIN LIBRARY OPEN ACCESS
-- 0.00
-- 714272
-- CBU-MAIN LIBRARY (Kitwe)
-- 4
-- 110.00
-- TP 270 Urb
-- 4
-- AVAILABLE
-- 016938
-- Main Library Open Access Collection
995 ## -
-- TEXTBOOKS (MIN.ENG.)
-- 0.00
-- 03196
-- CBU-SCHOOL TEXTBOOK COLLECTIONS
-- 1
-- 0.00
-- SCHOOL TEXTBOOK
-- 5
-- AVAILABLE
-- Aug 11, 2009
-- 03196
-- School Collections
995 ## -
-- ANNEX COLLECTION (Main Library)
-- 0.00
-- 714270
-- CBU-MAIN LIBRARY (Kitwe)
-- 1
-- 110.00
-- TP 270 Urb
-- 2
-- AVAILABLE
-- 016936
-- Annex Low-Usage Collection
999 ## -
-- 79313
-- 79313

No items available.